All National Hockey League Starting Goalies - Statistics

General Stats
  • This quiz has been taken 656 times
  • The average score is 18 of 30
Answer Stats
Team Answer % Correct
Boston Bruins Tuukka Rask
92%
Montreal Canadiens Carey Price
90%
Los Angeles Kings Jonathan Quick
87%
Pittsburgh Penguins Marc-Andre Fleury
84%
Vancouver Canucks Roberto Luongo
82%
Chicago Blackhawks Corey Crawford
81%
New York Rangers Henrik Lundqvist
79%
Carolina Hurricanes Cam Ward
78%
Nashville Predators Pekka Rinne
77%
Buffalo Sabres Ryan Miller
76%
New Jersey Devils Martin Brodeur
75%
Ottawa Senators Craig Anderson
71%
Phoenix Coyotes Mike Smith
70%
Columbus Blue Jackets Sergei Bobrovsky
67%
Detroit Red Wings Jimmy Howard
66%
Washington Capitals Braden Holtby
64%
Anaheim Ducks Jonas Hiller
57%
Colorado Avalanche Semyon Varlamov
55%
San Jose Sharks Antti Niemi
53%
Toronto Maple Leafs James Reimer
48%
Minnesota Wild Niklas Backstrom
48%
Saint Louis Blues Bryan Elliot
47%
Dallas Stars Kari Lehtonen
46%
Edmonton Oilers Devan Dubnyk
44%
Philadelphia Flyers Ilya Bryzgalov
40%
Calgary Flames Miikka Kiprusoff
40%
Winnipeg Jets Ondrej Pavelec
38%
New York Islanders Evgeni Nabokov
36%
Tampa Bay Lightning Anders Lindback
17%
Florida Panthers Scott Clemmensen
6%
No matching quizzes found
Score Distribution
Percent of People with Each Score
Percentile by Number Answered
Your Score History
You have not taken this quiz